| 000 | 00453nam a2200181Ia 4500 | ||
|---|---|---|---|
| 008 | 230524s9999 xx 000 0 und d | ||
| 020 | _a9788126527649 | ||
| 082 | _bINC | ||
| 100 | _a" Incropera, Frank P" | ||
| 245 | 0 | _aFundamental of Heat and Mass Transfer | |
| 250 | _a6 | ||
| 260 |
_aNerw Delhi _bJ.Wiley _c2011 |
||
| 300 | _axxv;925 p. | ||
| 500 | _aQuantity Number: 2 | ||
| 650 | _aMechanical | ||
| 700 | _a"Dewitt, David P" | ||
| 942 | _cBK | ||
| 999 |
_c52516 _d52516 |
||